| 000 | 00454cam a2200181ua 4500 | ||
|---|---|---|---|
| 020 | _c2.50 | ||
| 041 |
_aeng _h |
||
| 082 |
_a542 _bJOY/PR |
||
| 100 | _aJoy, W D . | ||
| 245 |
_aPre-degree practical chemistry / _cW D Joy. _hTextual Documents |
||
| 260 |
_aPalakkad : _bVijaya press private limited , _c1967. |
||
| 300 | _a183 ; . | ||
| 365 | _a2.50 | ||
| 504 | _a | ||
| 700 | 1 | _aAravindakshan , C P . | |
| 942 | _cBK | ||
| 999 |
_c10723 _d10723 |
||